000 00402nam a2200181Ia 4500
005 20240823025954.0
008 240823s9999||||xx |||||||||||||| ||und||
041 _aENGLISH
082 _A894.8114 P7
100 _aKarthiban
245 0 _aIini Ellam Vetrithaan
250 _a1st
260 _c2007
_bSixth
500 _aYES
650 _aTamil Grammar
_bGeneral
942 _cBK
999 _c187587
_d187587